Java 2 : (Record no. 280)
[ view plain ]
| 000 -LEADER | |
|---|---|
| fixed length control field | 00767nam a2200241 a 4500 |
| 001 - CONTROL NUMBER | |
| control field | 18384 |
| 003 - CONTROL NUMBER IDENTIFIER | |
| control field | BD-DhUAP |
| 005 - DATE AND TIME OF LATEST TRANSACTION | |
| control field | 20200120124507.0 |
| 008 - FIXED-LENGTH DATA ELEMENTS--GENERAL INFORMATION | |
| fixed length control field | 200120r20122002ii a 001 0 eng |
| 020 ## - INTERNATIONAL STANDARD BOOK NUMBER | |
| International Standard Book Number | 9780070495432 |
| 020 ## - INTERNATIONAL STANDARD BOOK NUMBER | |
| International Standard Book Number | 0070495432 |
| 040 ## - CATALOGING SOURCE | |
| Original cataloging agency | DLC |
| Transcribing agency | BD-DhUAP |
| Modifying agency | BD-DhUAP |
| -- | BD-DhAAL |
| Language of cataloging | Eng |
| 082 04 - DEWEY DECIMAL CLASSIFICATION NUMBER | |
| Classification number | 005.133 SCH |
| Edition number | 23 |
| 100 ## - MAIN ENTRY--PERSONAL NAME | |
| Personal name | Schildt, Herbert. |
| 245 10 - TITLE STATEMENT | |
| Title | Java 2 : |
| Remainder of title | the complete reference / |
| Statement of responsibility, etc. | Herbert Schildt. |
| 250 ## - EDITION STATEMENT | |
| Edition statement | 5th ed. |
| 260 ## - PUBLICATION, DISTRIBUTION, ETC. | |
| Place of publication, distribution, etc. | New Delhi : |
| Name of publisher, distributor, etc. | Tata McGraw Hill Education Private Limited, |
| Date of publication, distribution, etc. | c2002[Reprinted 2012]. |
| 300 ## - PHYSICAL DESCRIPTION | |
| Extent | xxviii, 1154 pages : |
| Other physical details | illustrations ; |
| Dimensions | 23 cm. |
| 500 ## - GENERAL NOTE | |
| General note | Includes index. |
| 650 #0 - SUBJECT ADDED ENTRY--TOPICAL TERM | |
| Topical term or geographic name entry element | Java (Computer program language). |
| 9 (RLIN) | 26179 |
| 942 ## - ADDED ENTRY ELEMENTS (KOHA) | |
| Source of classification or shelving scheme | |
| Koha item type | Book |
| Withdrawn status | Lost status | Source of classification or shelving scheme | Damaged status | Not for loan | Permanent Location | Current Location | Shelving location | Date acquired | Total Checkouts | Total Renewals | Full call number | Barcode | Date last seen | Date last checked out | Copy number | Price effective from | Koha item type | Date due |
|---|---|---|---|---|---|---|---|---|---|---|---|---|---|---|---|---|---|---|
| UAP Central Library | UAP Central Library | General Stacks | 2020-01-20 | 1 | 2 | 005.133 SCH | 3010018384 | 2023-02-06 | 2023-01-02 | 1 | 2020-01-20 | Book | ||||||
| UAP Central Library | UAP Central Library | General Stacks | 2020-01-20 | 005.133 SCH | 3010005200 | 2020-01-20 | 2 | 2020-01-20 | Book | |||||||||
| UAP Central Library | UAP Central Library | General Stacks | 2020-01-20 | 1 | 005.133 SCH | 3010018330 | 2022-01-11 | 2022-01-11 | 3 | 2020-01-20 | Book | 2022-01-25 | ||||||
| UAP Central Library | UAP Central Library | General Stacks | 2020-01-20 | 1 | 2 | 005.133 SCH | 3010018331 | 2023-02-15 | 2023-01-03 | 4 | 2020-01-20 | Book | ||||||
| UAP Central Library | UAP Central Library | General Stacks | 2020-01-20 | 005.133 SCH | 3010018383 | 2020-01-20 | 5 | 2020-01-20 | Book | |||||||||
| UAP Central Library | UAP Central Library | General Stacks | 2020-01-20 | 2 | 3 | 005.133 SCH | 3010018329 | 2023-02-22 | 2023-01-19 | 6 | 2020-01-20 | Book | ||||||
| UAP Central Library | UAP Central Library | General Stacks | 2020-12-30 | 005.133 SCH | 3010005208 | 2020-12-30 | 7 | 2020-12-30 | Book | |||||||||
| UAP Central Library | UAP Central Library | Reserve Stacks | 2021-01-16 | 005.133 SCH | 3010005202 | 2021-01-16 | 8 | 2021-01-16 | Book | |||||||||
| UAP Central Library | UAP Central Library | Reserve Stacks | 2021-01-16 | 005.133 SCH | 3010005207 | 2021-01-16 | 9 | 2021-01-16 | Book | |||||||||
| UAP Central Library | UAP Central Library | Reserve Stacks | 2021-01-16 | 005.133 SCH | 3010005206 | 2021-01-16 | 10 | 2021-01-16 | Book | |||||||||
| UAP Central Library | UAP Central Library | Reserve Stacks | 2021-01-16 | 005.133 SCH | 3010005201 | 2021-01-16 | 11 | 2021-01-16 | Book | |||||||||
| UAP Central Library | UAP Central Library | Reserve Stacks | 2021-01-16 | 005.133 SCH | 3010005209 | 2021-01-16 | 12 | 2021-01-16 | Book | |||||||||
| UAP Central Library | UAP Central Library | Reserve Stacks | 2021-01-18 | 005.133 SCH | 3010005203 | 2021-01-18 | 13 | 2021-01-18 | Book | |||||||||
| UAP Central Library | UAP Central Library | Reserve Stacks | 2021-01-19 | 005.133 SCH | 3010005204 | 2021-01-19 | 14 | 2021-01-19 | Book | |||||||||
| UAP Central Library | UAP Central Library | General Stacks | 2021-02-01 | 1 | 005.133 SCH | 3010018382 | 2021-08-22 | 2021-08-22 | 15 | 2021-02-01 | Book | 2021-09-05 |
Bengali Keyboard